New perspectives on Microsoft Office Excel 2007 : comprehensive (Record no. 3089)

000 -LEADER
fixed length control field 00905nam a22002777a 4500
003 - CONTROL NUMBER IDENTIFIER
control field OSt
005 - DATE AND TIME OF LATEST TRANSACTION
control field 20210813083546.0
008 - FIXED-LENGTH DATA ELEMENTS--GENERAL INFORMATION
fixed length control field 210813b ||||| |||| 00| 0 eng d
020 ## - INTERNATIONAL STANDARD BOOK NUMBER
International Standard Book Number 9780538475594
020 ## - INTERNATIONAL STANDARD BOOK NUMBER
International Standard Book Number 0538475595
020 ## - INTERNATIONAL STANDARD BOOK NUMBER
International Standard Book Number 9780840062109
020 ## - INTERNATIONAL STANDARD BOOK NUMBER
International Standard Book Number 0840062109
040 ## - CATALOGING SOURCE
Transcribing agency ALUPE UNIVERSITY
050 ## - LIBRARY OF CONGRESS CALL NUMBER
Classification number HF554.4
Item number .M5 2011
100 ## - MAIN ENTRY--PERSONAL NAME
Personal name June Jamrich Parsons
245 ## - TITLE STATEMENT
Title New perspectives on Microsoft Office Excel 2007 : comprehensive
Statement of responsibility, etc. June Jamrich Parsons [and others].
260 ## - PUBLICATION, DISTRIBUTION, ETC.
Place of publication, distribution, etc. Boston, MA :
Name of publisher, distributor, etc. Course Technology, Cengage Learning,
Date of publication, distribution, etc. ©2011.
300 ## - PHYSICAL DESCRIPTION
Extent 1 volume (various pagings) : color illustrations ; 28 cm + 1 DVD-ROM (4 1/2 in.).
440 ## - SERIES STATEMENT/ADDED ENTRY--TITLE
Title New perspectives series.
500 ## - GENERAL NOTE
General note Includes index.
650 ## - SUBJECT ADDED ENTRY--TOPICAL TERM
Topical term or geographic name entry element Business. Electronic spreadsheets.
700 ## - ADDED ENTRY--PERSONAL NAME
Personal name Dan Oja
700 ## - ADDED ENTRY--PERSONAL NAME
Personal name Roy Ageloff
700 ## - ADDED ENTRY--PERSONAL NAME
Personal name Patrick Carey
942 ## - ADDED ENTRY ELEMENTS (KOHA)
Source of classification or shelving scheme
Koha item type Book
Suppress in OPAC JO
Holdings
Withdrawn status Lost status Source of classification or shelving scheme Damaged status Not for loan Permanent Location Current Location Shelving location Date acquired Source of acquisition Total Checkouts Full call number Barcode Date last seen Copy number Price effective from Koha item type Public note
          AU LIBRARY AU LIBRARY Open Shelf 13.08.2021 DONATION FROM MOI UNIVERSITY   HF554.4 .M5 2011 C1 28004193 13.08.2021 1 13.08.2021 Book JO
          AU LIBRARY AU LIBRARY Open Shelf 19.08.2021 DONATION FROM MOI UNIVERSITY   HF554.4 .M5 2011 C2 28004410 19.08.2021 2 19.08.2021 Book JO

Powered by Koha